| 000 | 00392nam a2200157 a 4500 | ||
|---|---|---|---|
| 001 | 3036 | ||
| 003 | CDMR | ||
| 005 | 20130116135239.0 | ||
| 008 | 130130s2004||||||||||||||||||||||||||||d | ||
| 040 |
_aCDMR _bcat _cCPC GIRONA |
||
| 100 | 1 |
_aAragó, Narcís-Jordi _91065 |
|
| 245 | 1 | 0 |
_aPassejant la mirada _cAragó, Narcís-Jordi |
| 260 |
_c2004 _bEl Centre |
||
| 490 | 0 |
_aEl Centre _961 |
|
| 942 | _cMON | ||
| 999 |
_c3036 _d3036 |
||